Statistiken für Bundesländer (offizielle Abkürzungen)

Klicken Sie hier um das Quiz zu spielen!

Allgemein

  • Dieses Quiz wurde 155 mal gespielt
  • Das Durchschnittsergebnis liegt bei 11 aus 16

Antwortstatistiken

KürzelBundesland% Korrekt
BWBaden-Württemberg
97%
BYBayern
95%
BEBerlin
88%
HHHamburg
86%
MVMecklenburg-Vorpommern
86%
HEHessen
83%
NWNordrhein-Westfalen
77%
BBBrandenburg
73%
NINiedersachsen
72%
HBBremen
66%
RPRheinland-Pfalz
63%
SNSachsen
46%
SLSaarland
44%
THThüringen
40%
SHSchleswig-Holstein
37%
STSachsen-Anhalt
27%

Verteilung der Resultate

Perzentil nach korrekt beantworteten Fragen

Anzahl Personen mit jedem Resultat

Ihre Resultats-Entwicklung

Sie haben dieses Quiz noch nicht gespielt